Conference interpreting explained
Gespeichert in:
| 1. Verfasser: | |
|---|---|
| Format: | Buch |
| Sprache: | Englisch |
| Veröffentlicht: |
Manchester
St. Jerome Publishing
2002
|
| Ausgabe: | 2a. ed |
| Schriftenreihe: | Translation Practices Explained, 6
|
| Schlagworte: | |
| Tags: |
Tag hinzufügen
Keine Tags, Fügen Sie den ersten Tag hinzu!
|
MARC
| LEADER | 00000cam a2200000 a 4500 | ||
|---|---|---|---|
| 001 | UCE2105 | ||
| 003 | CL-VaPUC | ||
| 008 | 140612e20020000uk |||||||||||||||||eng|d | ||
| 020 | |a 9781900650571 | ||
| 082 | 0 | 4 | |a 418.02 |b JON |2 21 |
| 100 | 0 | |a Jones, Roderick |e author |9 574577 | |
| 245 | 1 | 0 | |a Conference interpreting explained |
| 250 | |a 2a. ed | ||
| 300 | |a 142 p | ||
| 942 | |c BK | ||
| 945 | |d 20140612 14:07:00 |a cmena | ||
| 260 | |a Manchester |b St. Jerome Publishing |c 2002 | ||
| 650 | 0 | |a Traducción e interpretación |9 315998 | |
| 650 | 0 | |a Servicios de traducción |9 463648 | |
| 650 | 0 | |a Congresos |9 257560 | |
| 583 | |a last modification |c 20140612 14:07:00 |k Rodrigo Vera | ||
| 490 | 0 | |a Translation Practices Explained, 6 | |
| 999 | |c 355772 |d 355770 | ||
| 952 | |0 0 |1 0 |3 erb |4 0 |6 418_020000000000000_JON_2002 |7 0 |8 A |9 462630 |a BIBEDU |b BIBEDU |i 5071089 |o 418.02 JON 2002 |p 5071089 |r 2019-11-23 |w 2019-11-23 |y BK |z Catalogado en:20140612 |k CIT | ||